Online
Catalog
Normal view MARC view

Entry Nombre de reunión

Number of records used in: 1

001 - NÚMERO DE CONTROL

  • campo de control: 85728

003 - IDENTIFICADOR DEL NÚMERO DE CONTROL

  • campo de control: DO-SdBNP

005 - FECHA Y HORA DE LA ÚLTIMA TRANSACCIÓN

  • campo de control: 20240621110946.0

008 - DATOS DE LONGITUD FIJA

  • campo de control de longitud fija: 240621|| aca||aabn | a|a d

040 ## - FUENTE DE LA CATALOGACIÓN

  • Centro catalogador/agencia de origen: DO-SdBNP
  • Centro/agencia transcriptor: DO-SdBNP

111 ## - ENCABEZAMIENTO--NOMBRE DE CONGRESO/REUNIÓN

  • Nombre de congreso/reunión o jurisdicción como elemento de entrada: Congreso de Literatura Leonesa Actual
  • Número del congreso/reunión o número de parte o sección: (2º.
  • Fecha del congreso/reunión: 2007.
  • Sede del congreso/Lugar de la reunión: León)

670 ## - FUENTE DE DATOS ENCONTRADOS

  • Cita de la fuente: Work cat.: (DO-SdBNP)56920: Congreso de Literatura Leonesa Actual (2º. 2007. León), Diez nuevas voces de la poesía leonesa :

Powered by Koha